000 00801nam a22002657a 4500
001 BR8702955
003 BR-BrBNA
005 20230928092546.0
007 ta
008 230509b bl.||||| |||| 00| 0 por d
040 _aBR-BrBNA
_bpor
_cBiblioteca Nacional de Agricultura
041 _a(Por)
072 _aE12
_b/G514
090 _ E12 BR8702955
110 1 _aComissao de Desenvolvimento do Vale do Jequitinhonha, Belo Horizonte, MG (Brasil)
_91974
245 1 _aProjeto de capacitacao de mao-de-obra rural no municipio de Virgem da Lapa - MG [Minas Gerais]
260 3 _aBelo Horizonte, MG (Brasil):
_c1980.
300 _avp.
650 _aMAO-DE-OBRA
650 _aTREINAMENTO
650 _aZONA RURAL
650 _aMINAS GERAIS
909 _a202309
_bLucia
_c55
_dLucia Elande
942 _cBK
999 _c39806
_d39806